[Event "41. Torneo de Ajedrez Villa de Mislata"]
[Site "Mislata ESP"]
[Date "2007.08.24"]
[Round "3.11"]
[White "Sanchez Moreno, Luis"]
[Black "Camarena Gimenez, Rufino"]
[Result "0-1"]
[WhiteElo "2170"]
[BlackElo "2332"]
[PlyCount "158"]
[EventDate "2007.08.23"]
[EventType "swiss"]
[EventRounds "9"]
[EventCountry "ESP"]
[Source "lmi"]
[SourceDate "2007.08.23"]

1. d4 Nf6 2. Bg5 d5 3. Bxf6 exf6 4. e3 c6 5. c4 dxc4 6. Bxc4 Bd6 7. Ne2 O-O 8.
O-O f5 9. Nbc3 Nd7 10. Ng3 Qh4 11. Re1 Nf6 12. Nf1 Bd7 13. Qf3 Rae8 14. g3 Qh3
15. Bd3 Re7 16. e4 fxe4 17. Nxe4 Nxe4 18. Rxe4 Rxe4 19. Bxe4 Re8 20. Qd3 g6 21.
Ne3 Qe6 22. Bg2 Qf6 23. Rd1 Bf8 24. a3 Rd8 25. b4 Be6 26. d5 Bh6 27. f4 Rd7 28.
Qc4 cxd5 29. Nxd5 Qd8 30. Qe4 Bg7 31. Bf3 b6 32. Kg2 h5 33. h3 Kf8 34. b5 Qc8
35. g4 Bxd5 36. Rxd5 Rxd5 37. Qxd5 Qc2+ 38. Kf1 Qc1+ 39. Ke2 Qb2+ 40. Kf1 Bd4
41. Ke1 Qc1+ 42. Ke2 Qe3+ 43. Kd1 Qxf4 44. gxh5 gxh5 45. Qxh5 Qe3 46. Qd5 Qd3+
47. Ke1 Qb1+ 48. Ke2 Qc2+ 49. Ke1 Qc1+ 50. Ke2 Qf4 51. Qe4 Qh2+ 52. Kd3 Bf6 53.
Qc6 Bg5 54. Qc8+ Kg7 55. Qg4 Qd2+ 56. Ke4 Qc2+ 57. Kd4 Qc5+ 58. Ke4 Kf6 59. Kd3
Qxb5+ 60. Kc2 Qf5+ 61. Kb3 Qd3+ 62. Kb2 Qd2+ 63. Kb3 b5 64. Be4 Qf4 65. Kb4 Qe5
66. Kb3 a5 67. h4 Bc1 68. Qf3+ Ke7 69. Qe2 Qe6+ 70. Kc2 Qa2+ 71. Kd1 Qxe2+ 72.
Kxe2 Bxa3 73. Bc2 b4 74. Ba4 Bc1 75. Kf3 f5 76. Bc2 Kf6 77. Ba4 Bh6 78. Bc2 Ke5
79. Ba4 Kd4 0-1

[Event "41. Torneo de Ajedrez Villa de Mislata"]
[Site "Mislata ESP"]
[Date "2007.08.24"]
[Round "3.12"]
[White "Vega Gutierrez, Sabrina"]
[Black "Hernandez Casillas, Juanjo"]
[Result "1/2-1/2"]
[WhiteElo "2321"]
[BlackElo "2169"]
[PlyCount "50"]
[EventDate "2007.08.23"]
[EventType "swiss"]
[EventRounds "9"]
[EventCountry "ESP"]
[Source "lmi"]
[SourceDate "2007.08.23"]

1. e4 c6 2. d4 d5 3. Nc3 dxe4 4. Nxe4 Bf5 5. Ng3 Bg6 6. h4 h6 7. Nf3 Nd7 8. h5
Bh7 9. Bd3 Bxd3 10. Qxd3 e6 11. Bf4 Qa5+ 12. Bd2 Qc7 13. O-O-O O-O-O 14. Qe2
Bd6 15. Ne4 Bf4 16. Kb1 Bxd2 17. Rxd2 Ngf6 18. Nxf6 gxf6 19. c4 Qf4 20. g3 Qf5+
21. Ka1 Nb6 22. Nh4 Qa5 23. Rc1 Qg5 24. Rc3 Rhg8 25. f4 Qg4 1/2-1/2

[Event "41. Torneo de Ajedrez Villa de Mislata"]
[Site "Mislata ESP"]
[Date "2007.08.24"]
[Round "3.13"]
[White "Gonzalez Aguirre, Luis"]
[Black "Sospedra Sebastian, Juan"]
[Result "1/2-1/2"]
[WhiteElo "2169"]
[BlackElo "2303"]
[PlyCount "67"]
[EventDate "2007.08.23"]
[EventType "swiss"]
[EventRounds "9"]
[EventCountry "ESP"]
[Source "lmi"]
[SourceDate "2007.08.23"]

1. Nf3 e6 2. d4 f5 3. g3 Nf6 4. Bg2 d5 5. O-O Bd6 6. c4 c6 7. Qc2 O-O 8. Bf4
Bxf4 9. gxf4 Ne4 10. Nbd2 Bd7 11. e3 Be8 12. Ne5 Nd7 13. Nxd7 Qxd7 14. Nf3 Qe7
15. Ne5 Bh5 16. f3 Nd6 17. c5 Nf7 18. Nxf7 Rxf7 19. Qf2 Raf8 20. Kh1 Kh8 21.
Rg1 Rg8 22. Bf1 h6 23. Be2 g5 24. Rg2 g4 25. Rag1 Rfg7 26. h3 gxh3 27. Rxg7
Rxg7 28. Rxg7 Qxg7 29. Kh2 Qg2+ 30. Qxg2 hxg2 31. Kxg2 Kg7 32. b4 Be8 33. a4 a6
34. Kg3 1/2-1/2

[Event "41. Torneo de Ajedrez Villa de Mislata"]
[Site "Mislata ESP"]
[Date "2007.08.24"]
[Round "3.14"]
[White "Gomez Jurado, Luis Alberto"]
[Black "Gomez Peco, Pablo"]
[Result "1/2-1/2"]
[WhiteElo "2301"]
[BlackElo "2166"]
[PlyCount "100"]
[EventDate "2007.08.23"]
[EventType "swiss"]
[EventRounds "9"]
[EventCountry "ESP"]
[Source "lmi"]
[SourceDate "2007.08.23"]

1. d4 c6 2. Nf3 d5 3. c4 Nf6 4. Nc3 a6 5. a4 e6 6. Bg5 Nbd7 7. e3 Qa5 8. Nd2
Bb4 9. Qc2 c5 10. Nb3 Qc7 11. Bxf6 Nxf6 12. dxc5 O-O 13. cxd5 Nxd5 14. Bd3 g6
15. O-O Nxc3 16. bxc3 Bxc5 17. Nxc5 Qxc5 18. Rfd1 Qc7 19. a5 Bd7 20. c4 Rac8
21. Qc3 Bc6 22. Qd4 Qd8 23. Qf4 Qc7 24. Qf6 Qd8 25. Qc3 Qg5 26. Bf1 Rfd8 27. f4
Qc5 28. Rd4 e5 29. Rxd8+ Rxd8 30. Qxe5 Qxe5 31. fxe5 Re8 32. Kf2 Rxe5 33. Ke2
Kf8 34. Kd3 Ke7 35. Kd4 Kd6 36. Bd3 Bxg2 37. e4 f5 38. Rb1 Bxe4 39. c5+ Rxc5
40. Bxe4 fxe4 41. Rb6+ Rc6 42. Rxb7 e3 43. Kxe3 Kc5 44. h4 h6 45. Rh7 g5 46.
hxg5 hxg5 47. Rg7 Re6+ 48. Kd3 Re5 49. Rb7 Kd5 50. Ra7 Re6 1/2-1/2

[Event "41. Torneo de Ajedrez Villa de Mislata"]
[Site "Mislata ESP"]
[Date "2007.08.24"]
[Round "3.15"]
[White "Muñoz Orts, German"]
[Black "Ipatov, Alexander"]
[Result "1/2-1/2"]
[WhiteElo "2165"]
[BlackElo "2298"]
[PlyCount "94"]
[EventDate "2007.08.23"]
[EventType "swiss"]
[EventRounds "9"]
[EventCountry "ESP"]
[Source "lmi"]
[SourceDate "2007.08.23"]

1. Nf3 d5 2. g3 Nf6 3. Bg2 c6 4. O-O Bg4 5. h3 Bxf3 6. Bxf3 Nbd7 7. d3 e5 8. e4
d4 9. Nd2 Bd6 10. c3 dxc3 11. bxc3 O-O 12. Nc4 Bc7 13. Ba3 Re8 14. Re1 b5 15.
Ne3 Bb6 16. Qc2 Nc5 17. Rad1 Ne6 18. Bc1 Qc7 19. Nf5 c5 20. Kg2 Rad8 21. Qb2 b4
22. c4 Nd4 23. Nxd4 cxd4 24. Bd2 Bc5 25. Rb1 Rb8 26. Bd1 Rb6 27. Rc1 Qc6 28.
Bb3 Nd7 29. Qc2 Qb7 30. Kh2 Rc8 31. Qd1 Bd6 32. c5 Nxc5 33. Qg4 Rc7 34. Bd5 Qc8
35. Qe2 a5 36. f4 Kh8 37. f5 f6 38. Rc4 Na4 39. Rec1 Nc3 40. Rxc7 Qxc7 41. Qh5
Qe7 42. Bf7 Qf8 43. Bg6 Qg8 44. g4 Rb7 45. g5 fxg5 46. Bxg5 Be7 47. Bd2 Bf6
1/2-1/2

[Event "41. Torneo de Ajedrez Villa de Mislata"]
[Site "Mislata ESP"]
[Date "2007.08.24"]
[Round "3.16"]
[White "Peña Riascos, Alexander"]
[Black "Jordan Arenas, Manuel"]
[Result "1-0"]
[WhiteElo "2296"]
[BlackElo "2161"]
[PlyCount "83"]
[EventDate "2007.08.23"]
[EventType "swiss"]
[EventRounds "9"]
[EventCountry "ESP"]
[Source "lmi"]
[SourceDate "2007.08.23"]

1. d4 g6 2. c4 Nf6 3. Nc3 Bg7 4. e4 d6 5. Nf3 O-O 6. Be2 e5 7. O-O Nc6 8. d5
Ne7 9. Ne1 Nd7 10. Nd3 f5 11. f3 f4 12. Bd2 g5 13. b4 Rf6 14. c5 Rh6 15. Rc1
Qe8 16. cxd6 Qh5 17. h3 cxd6 18. Nf2 Qf7 19. Nb5 Nf8 20. Rc7 Qe8 21. Qc2 Qd8
22. Rc1 a6 23. Na3 b5 24. Nb1 Bd7 25. Be1 Nc8 26. Rb7 Bf6 27. Nd2 Qe8 28. Nb3
Bd8 29. Na5 Ne7 30. Nc6 Nxc6 31. dxc6 Bc8 32. Ng4 Rg6 33. Bf2 Bxb7 34. cxb7 Rb8
35. Qc8 Nd7 36. a4 h5 37. Nh2 bxa4 38. Bxa6 Bb6 39. Bb5 Bxf2+ 40. Kxf2 Rg7 41.
Qxe8+ Rxe8 42. Rc8 1-0

[Event "41. Torneo de Ajedrez Villa de Mislata"]
[Site "Mislata ESP"]
[Date "2007.08.24"]
[Round "3.17"]
[White "Torres Sanchez, Jose"]
[Black "Moreto Quintana, Alexandre"]
[Result "1-0"]
[WhiteElo "2292"]
[BlackElo "2153"]
[PlyCount "195"]
[EventDate "2007.08.23"]
[EventType "swiss"]
[EventRounds "9"]
[EventCountry "ESP"]
[Source "lmi"]
[SourceDate "2007.08.23"]

1. c4 f5 2. f4 Nf6 3. b3 b6 4. Nf3 Bb7 5. Bb2 e6 6. e3 Nc6 7. Be2 d5 8. O-O Bd6
9. cxd5 exd5 10. Qc2 Qd7 11. Ne5 Nb4 12. Qd1 Qe6 13. a3 Nc6 14. d4 O-O-O 15.
Nd2 Bxe5 16. fxe5 Ng4 17. Rf3 Rdf8 18. Rc1 Nh6 19. Qc2 Rf7 20. b4 Nd8 21. Bc3
g5 22. Nb3 g4 23. Rff1 Qg6 24. Be1 Ne6 25. Bg3 Ng8 26. Bd3 Ne7 27. Rf2 Qg5 28.
Bf4 Qg7 29. Rcf1 Rhf8 30. Qc1 h5 31. Rb2 Ng6 32. Qd2 Ngxf4 33. exf4 g3 34. h3
Qh6 35. Qe3 Rg8 36. Nc1 Kd8 37. Ne2 h4 38. Rc2 a6 39. Rc3 Ke7 40. Qc1 Rc8 41.
a4 Kf8 42. a5 b5 43. Qe3 Kg8 44. Kh1 c6 45. Nc1 Rcc7 46. Nb3 Kf8 47. Nc5 Nxc5
48. Rxc5 Rce7 49. Rc2 Re6 50. Re2 Kg8 51. Qf3 Kf8 52. Bb1 Ke8 53. Rfe1 Qg6 54.
Qc3 Qh6 55. Rf1 Qf8 56. Rf3 Kd7 57. Re1 Kc8 58. Rff1 Kb8 59. Rc1 Ka8 60. Bd3
Ka7 61. Rc2 Kb8 62. Qd2 Ka8 63. Rc5 Ka7 64. Rfc1 Qh6 65. Qe3 Kb8 66. R1c3 Ka8
67. Be2 Ka7 68. Kg1 Kb8 69. Bf3 Ka7 70. Kf1 Kb8 71. Ke2 Ka7 72. Qc1 Kb8 73. Ke3
Ka7 74. Be2 Kb8 75. Qd1 Rh7 76. Bd3 Rf7 77. Qf3 Qg6 78. Rc1 Rh7 79. R5c2 Rf7
80. Kd2 Qh6 81. Kc3 Ka7 82. Kb3 Kb8 83. Rf1 Ka7 84. Re2 Qg6 85. Qg4 Qh7 86. Qg5
Kb8 87. Qd8+ Ka7 88. Rc2 Rd7 89. Qb6+ Ka8 90. Rfc1 Qg6 91. Bxb5 axb5 92. a6 c5
93. axb7+ Kb8 94. Qxc5 Rxb7 95. Qc8+ Ka7 96. Ra1+ Ra6 97. Rxa6+ Qxa6 98. Ra2
1-0

[Event "41. Torneo de Ajedrez Villa de Mislata"]
[Site "Mislata ESP"]
[Date "2007.08.25"]
[Round "4.1"]
[White "Komljenovic, Davor"]
[Black "Mellado Triviño, Joan"]
[Result "1/2-1/2"]
[WhiteElo "2487"]
[BlackElo "2389"]
[PlyCount "164"]
[EventDate "2007.08.23"]
[EventType "swiss"]
[EventRounds "9"]
[EventCountry "ESP"]
[Source "lmi"]
[SourceDate "2007.08.23"]

1. d4 g6 2. c4 Bg7 3. e4 d6 4. Nc3 e5 5. Nge2 exd4 6. Nxd4 Nc6 7. Be3 Nge7 8.
h4 Ne5 9. h5 Ng4 10. Bc1 Nc6 11. Nxc6 bxc6 12. Be2 f5 13. Bxg4 fxg4 14. Be3 O-O
15. hxg6 hxg6 16. Bd4 Be6 17. b3 Qg5 18. Bxg7 Kxg7 19. Qd4+ Rf6 20. Rd1 Raf8
21. Ne2 c5 22. Qc3 R8f7 23. g3 Qe5 24. Qxe5 dxe5 25. Rh2 Rd7 26. Rxd7+ Bxd7 27.
Nc3 a5 28. Nd5 Rf3 29. Ne3 a4 30. bxa4 Rf8 31. Nd5 Rb8 32. Nc3 Rb2 33. Kd1 Rb4
34. a5 Rxc4 35. Kd2 Rd4+ 36. Kc2 Bc6 37. a3 Rd8 38. a4 c4 39. Rh1 Ra8 40. Rb1
Rxa5 41. Rb4 Bd7 42. Rxc4 c5 43. Kb3 Kf6 44. Nd5+ Ke6 45. Ne3 Kd6 46. Ka3 Ra8
47. Nd5 Bb5 48. Nb6 Bxc4 49. Nxa8 Kc6 50. a5 Bd3 51. Nb6 Bxe4 52. Nc4 Bf5 53.
a6 Be6 54. Nxe5+ Kb6 55. Nd3 c4 56. Nf4 Bd7 57. Kb4 Kxa6 58. Ng2 Kb6 59. Ne3
Kc6 60. Nxc4 Kd5 61. Kc3 Ke4 62. Nd2+ Ke5 63. Kd3 Be6 64. Ke3 Bd5 65. Nb1 Bg8
66. Nc3 Bc4 67. Ne4 Be6 68. Nc3 Bf5 69. Ne2 Be6 70. Nd4 Bd7 71. Ne2 Bf5 72. Nf4
Bb1 73. Ne2 Bf5 74. Nd4 Bd7 75. Nb3 Be6 76. Nc5 Bf5 77. Na4 Bd7 78. Nc3 Bf5 79.
Nd1 Bc2 80. Nb2 Bf5 81. Nc4+ Kd5 82. Nb2 Ke5 1/2-1/2

[Event "41. Torneo de Ajedrez Villa de Mislata"]
[Site "Mislata ESP"]
[Date "2007.08.25"]
[Round "4.2"]
[White "Camarena Gimenez, Rufino"]
[Black "Abreu Delgado, Aryram"]
[Result "1/2-1/2"]
[WhiteElo "2332"]
[BlackElo "2486"]
[PlyCount "25"]
[EventDate "2007.08.23"]
[EventType "swiss"]
[EventRounds "9"]
[EventCountry "ESP"]
[Source "lmi"]
[SourceDate "2007.08.23"]

1. d4 d5 2. c4 dxc4 3. Nf3 Nf6 4. e3 e6 5. Bxc4 a6 6. O-O c5 7. dxc5 Bxc5 8.
Qxd8+ Kxd8 9. Ne5 Ke7 10. Be2 Nbd7 11. Nd3 Bd6 12. Nd2 Nc5 13. Nc4 1/2-1/2

[Event "41. Torneo de Ajedrez Villa de Mislata"]
[Site "Mislata ESP"]
[Date "2007.08.25"]
[Round "4.3"]
[White "Peña Riascos, Alexander"]
[Black "Rodriguez Guerrero, Enrique"]
[Result "0-1"]
[WhiteElo "2296"]
[BlackElo "2447"]
[PlyCount "94"]
[EventDate "2007.08.23"]
[EventType "swiss"]
[EventRounds "9"]
[EventCountry "ESP"]
[Source "lmi"]
[SourceDate "2007.08.23"]

1. d4 d5 2. c4 c6 3. Nc3 Nf6 4. Bg5 dxc4 5. a4 Qa5 6. Qd2 b5 7. f3 e6 8. e4
Nbd7 9. Nge2 Nb6 10. g3 Bb7 11. Bg2 b4 12. Nd1 Be7 13. O-O Nxe4 14. fxe4 Bxg5
15. Nf4 Rd8 16. Qf2 O-O 17. Ne3 Be7 18. Kh1 Ba6 19. Rfd1 c3 20. bxc3 bxc3 21.
Qa2 Qb4 22. d5 cxd5 23. exd5 Qc5 24. a5 Nc4 25. Ng4 Nb2 26. Rdc1 Rb8 27. dxe6
f5 28. Ne3 Qxe3 29. Nd5 Qg5 30. h4 Qxg3 31. Nxe7+ Kh8 32. Qa3 Qxh4+ 33. Kg1
Qd4+ 34. Kh2 Nc4 35. Qxc3 Qd6+ 36. Kg1 Qxe7 37. Re1 f4 38. Rad1 Ne3 39. Rd7 Qg5
40. Rd2 Bb7 41. e7 Qxe7 42. Bxb7 Rxb7 43. a6 Rb6 44. Rg2 Qf6 45. Qxf6 Rfxf6 46.
Rd2 Rbd6 47. Rf2 Rg6+ 0-1

[Event "41. Torneo de Ajedrez Villa de Mislata"]
[Site "Mislata ESP"]
[Date "2007.08.25"]
[Round "4.4"]
[White "Astasio Lopez, David"]
[Black "Gongora Reyes, Maikel"]
[Result "0-1"]
[WhiteElo "2176"]
[BlackElo "2425"]
[PlyCount "110"]
[EventDate "2007.08.23"]
[EventType "swiss"]
[EventRounds "9"]
[EventCountry "ESP"]
[Source "lmi"]
[SourceDate "2007.08.23"]

1. d4 c5 2. e3 d5 3. Nf3 Nf6 4. Nbd2 Nc6 5. c3 e6 6. Bd3 Bd6 7. Qe2 O-O 8. O-O
Qc7 9. dxc5 Bxc5 10. e4 h6 11. e5 Ng4 12. Nb3 Bb6 13. Bf4 f6 14. Bg3 Ngxe5 15.
Nxe5 fxe5 16. Rae1 Qf7 17. Bxe5 Nxe5 18. Qxe5 Bc7 19. Qe2 e5 20. c4 e4 21. Bc2
dxc4 22. Qxe4 Bf5 23. Qxf5 Qxf5 24. Bxf5 Rxf5 25. Nd2 Ba5 26. Re2 b5 27. Ne4
Rd8 28. g4 Rfd5 29. a3 Bb6 30. Kg2 Rd3 31. f4 Rb3 32. f5 Re3 33. Rfe1 Rdd3 34.
h4 Rb3 35. Nc3 Rxe2+ 36. Rxe2 Bd4 37. Nd1 Bf6 38. h5 Kf7 39. Kf1 Rd3 40. Nf2
Rf3 41. Kg2 Rb3 42. Nd1 a5 43. Rc2 a4 44. Kf1 Be5 45. Ke2 Kf6 46. Kd2 Rd3+ 47.
Ke2 Rb3 48. Kd2 Kg5 49. Kc1 Kxg4 50. Re2 Kxf5 51. Kc2 Bf6 52. Rg2 Rh3 53. Rf2+
Ke6 54. Re2+ Kf7 55. Nf2 Rh2 0-1

[Event "41. Torneo de Ajedrez Villa de Mislata"]
[Site "Mislata ESP"]
[Date "2007.08.25"]
[Round "4.5"]
[White "Asensio Lisan, Teodoro"]
[Black "Cabrera Pino, Alexis"]
[Result "0-1"]
[WhiteElo "2276"]
[BlackElo "2514"]
[PlyCount "64"]
[EventDate "2007.08.23"]
[EventType "swiss"]
[EventRounds "9"]
[EventCountry "ESP"]
[Source "lmi"]
[SourceDate "2007.08.23"]

1. e4 c5 2. Nc3 e6 3. Nf3 Nc6 4. d4 cxd4 5. Nxd4 Qc7 6. g3 Nf6 7. Bg2 d6 8. O-O
Bd7 9. Ndb5 Qb8 10. a4 Be7 11. Re1 O-O 12. Bg5 a6 13. Bxf6 gxf6 14. Na3 Qa7 15.
Qh5 Ne5 16. Kh1 Qxf2 17. Rf1 Qe3 18. Rf4 Ng6 19. Qg4 Rac8 20. Raf1 Kh8 21. R4f3
Qd4 22. Rd1 Qe5 23. Bf1 f5 24. exf5 Bc6 25. fxg6 fxg6 26. Bg2 Rxf3 27. Nc4 Qf6
28. Ne4 Bxe4 29. Qxe4 Rf2 30. Nd2 d5 31. Qg4 Rf8 32. b3 Bc5 0-1

[Event "41. Torneo de Ajedrez Villa de Mislata"]
[Site "Mislata ESP"]
[Date "2007.08.25"]
[Round "4.6"]
[White "Castellanos Rodriguez, Renier"]
[Black "Gonzalez Aguirre, Luis"]
[Result "1-0"]
[WhiteElo "2471"]
[BlackElo "2169"]
[PlyCount "78"]
[EventDate "2007.08.23"]
[EventType "swiss"]
[EventRounds "9"]
[EventCountry "ESP"]
[Source "lmi"]
[SourceDate "2007.08.23"]

1. e4 c5 2. Nf3 a6 3. Nc3 e6 4. d4 cxd4 5. Nxd4 Qc7 6. Bd3 Nc6 7. Nb3 Nf6 8. f4
d6 9. Qf3 Be7 10. O-O Rb8 11. Bd2 b5 12. Kh1 Bb7 13. Rae1 O-O 14. Qh3 g6 15.
Rf3 b4 16. Nd1 a5 17. Be3 a4 18. Nd2 Qa5 19. Nc4 Qh5 20. Qxh5 gxh5 21. Rg3+ Kh8
22. Nb6 a3 23. b3 Rg8 24. Rxg8+ Rxg8 25. Bd2 h4 26. Nf2 d5 27. exd5 exd5 28.
Na4 Bd6 29. Kg1 Nd4 30. Kf1 Ne6 31. f5 Ng5 32. Be3 h5 33. Bd4 Kg7 34. Nb6 Bc6
35. h3 Bg3 36. Re7 Bxf2 37. Kxf2 Nge4+ 38. Bxe4 dxe4 39. Rc7 Rd8 1-0

[Event "41. Torneo de Ajedrez Villa de Mislata"]
[Site "Mislata ESP"]
[Date "2007.08.25"]
[Round "4.7"]
[White "Kovacevic, Slobodan"]
[Black "Martinez Tormo, Jorge"]
[Result "1-0"]
[WhiteElo "2364"]
[BlackElo "2203"]
[PlyCount "63"]
[EventDate "2007.08.23"]
[EventType "swiss"]
[EventRounds "9"]
[EventCountry "ESP"]
[Source "lmi"]
[SourceDate "2007.08.23"]

1. d4 d5 2. Bf4 Nf6 3. e3 c5 4. c3 Qb6 5. Qb3 c4 6. Qc2 Nc6 7. Nd2 g6 8. e4 e6
9. Be2 Bg7 10. e5 Nd7 11. h4 h6 12. Nf1 Ne7 13. Ne3 f6 14. exf6 Nxf6 15. Nf3
O-O 16. g3 Bd7 17. Ne5 Be8 18. N5g4 Nxg4 19. Nxg4 Nf5 20. Be5 Qd8 21. Qd2 Kh7
22. Bd1 h5 23. Bxg7 Kxg7 24. Ne5 Rh8 25. Bc2 b5 26. O-O a6 27. Rfe1 Bf7 28. Re2
Re8 29. Rae1 Bg8 30. Nxg6 Kxg6 31. Bxf5+ Kxf5 32. Qh6 1-0

[Event "41. Torneo de Ajedrez Villa de Mislata"]
[Site "Mislata ESP"]
[Date "2007.08.25"]
[Round "4.8"]
[White "Hernandez Casillas, Juanjo"]
[Black "Berrocal Farina, Jorge"]
[Result "1/2-1/2"]
[WhiteElo "2169"]
[BlackElo "2358"]
[PlyCount "33"]
[EventDate "2007.08.23"]
[EventType "swiss"]
[EventRounds "9"]
[EventCountry "ESP"]
[Source "lmi"]
[SourceDate "2007.08.23"]

1. d4 Nf6 2. c4 g6 3. Nc3 Bg7 4. e4 d6 5. f3 O-O 6. Be3 c5 7. Nge2 Nc6 8. d5
Ne5 9. Nc1 a6 10. Nb3 e6 11. Rc1 exd5 12. Nxd5 b5 13. Bg5 Bb7 14. Ne3 Qb6 15.
Be2 h6 16. Bh4 Rfe8 17. O-O 1/2-1/2

[Event "41. Torneo de Ajedrez Villa de Mislata"]
[Site "Mislata ESP"]
[Date "2007.08.25"]
[Round "4.9"]
[White "Muñoz Orts, German"]
[Black "Vega Gutierrez, Sabrina"]
[Result "1-0"]
[WhiteElo "2165"]
[BlackElo "2321"]
[PlyCount "113"]
[EventDate "2007.08.23"]
[EventType "swiss"]
[EventRounds "9"]
[EventCountry "ESP"]
[Source "lmi"]
[SourceDate "2007.08.23"]

1. Nf3 d5 2. g3 c6 3. d3 Bg4 4. Nbd2 Nd7 5. Bg2 e6 6. h3 Bh5 7. O-O Bd6 8. b3
Ngf6 9. Bb2 O-O 10. Qe1 Qe7 11. a3 a5 12. e4 dxe4 13. dxe4 Bxf3 14. Nxf3 e5 15.
Nh4 g6 16. Qd2 Rfe8 17. Rfd1 Bc5 18. Bf3 Nf8 19. Qg5 N6d7 20. Qh6 f6 21. Bg4
Nb6 22. Kg2 Red8 23. a4 Rxd1 24. Rxd1 Rd8 25. Re1 Bd4 26. Bc1 Bc3 27. Re2 Qg7
28. Qe3 Bd4 29. Qd3 Qe7 30. Rd2 Na8 31. Rd1 Kg7 32. Qd2 Bb6 33. Qh6+ Kg8 34.
Rxd8 Bxd8 35. Qd2 Bc7 36. Qd3 Qd6 37. Qc4+ Kg7 38. Be3 Bb6 39. Bc1 Nc7 40. Bc8
Qd1 41. Ba3 Qe1 42. Bc5 Bxc5 43. Qxc5 Qxe4+ 44. Kh2 Qb4 45. Qa7 Nfe6 46. Bxb7
Qc3 47. Bc8 Kh6 48. Bxe6 Nxe6 49. Qf7 Ng7 50. Qxf6 Qxc2 51. g4 Qd2 52. Ng2 Qg5
53. Qxc6 Qd2 54. Qf3 Ne6 55. Qf6 Nf4 56. h4 Qb4 57. Ne3 1-0

[Event "41. Torneo de Ajedrez Villa de Mislata"]
[Site "Mislata ESP"]
[Date "2007.08.25"]
[Round "4.10"]
[White "Gabarro Sole, Ramon"]
[Black "Gomez Jurado, Luis Alberto"]
[Result "1-0"]
[WhiteElo "2113"]
[BlackElo "2301"]
[PlyCount "61"]
[EventDate "2007.08.23"]
[EventType "swiss"]
[EventRounds "9"]
[EventCountry "ESP"]
[Source "lmi"]
[SourceDate "2007.08.23"]

1. e4 c5 2. Nc3 Nc6 3. Nf3 Nf6 4. Bb5 Qc7 5. O-O g6 6. Re1 Bg7 7. h3 e5 8. Nd5
Nxd5 9. exd5 Nd4 10. Nxd4 cxd4 11. c4 a6 12. Ba4 Qxc4 13. Bb3 Qc5 14. d3 O-O
15. Bd2 b5 16. Rc1 Qd6 17. Ba5 Bb7 18. Bc7 Qe7 19. Qg4 Rfe8 20. d6 Qf6 21. Qxd7
Rf8 22. Ba5 Bc8 23. Qc6 Bf5 24. Bd5 Bxd3 25. d7 Qe7 26. Qxa8 Rxa8 27. Rc8+ Bf8
28. d8=Q Rxc8 29. Qxc8 Kg7 30. a3 Bf5 31. Qxa6 1-0

[Event "41. Torneo de Ajedrez Villa de Mislata"]
[Site "Mislata ESP"]
[Date "2007.08.25"]
[Round "4.11"]
[White "Ipatov, Alexander"]
[Black "Penades Ordaz, Victor"]
[Result "1-0"]
[WhiteElo "2298"]
[BlackElo "2157"]
[PlyCount "75"]
[EventDate "2007.08.23"]
[EventType "swiss"]
[EventRounds "9"]
[EventCountry "ESP"]
[Source "lmi"]
[SourceDate "2007.08.23"]

1. d4 Nf6 2. c4 g6 3. Nc3 Bg7 4. e4 d6 5. Bg5 h6 6. Be3 Ng4 7. Bc1 Na6 8. f3
Nf6 9. Be3 c5 10. d5 e5 11. Qd2 h5 12. Bd3 O-O 13. h4 Nh7 14. Nge2 Nb4 15. Bb1
Bf6 16. a3 Na6 17. g3 Re8 18. Bd3 Bd7 19. O-O-O Kh8 20. Rdg1 Nc7 21. g4 Bxh4
22. g5 Bxg5 23. Bxg5 f6 24. Be3 Rg8 25. f4 Bg4 26. f5 g5 27. Rxg4 hxg4 28. Ng3
Ne8 29. Qh2 Qe7 30. Be2 a6 31. Bxg4 Rg7 32. Bh5 Qf8 33. Bg6 Qg8 34. Qh6 Re7 35.
Nh5 Qf8 36. Qxf8+ Nxf8 37. Nxf6+ Kg7 38. Nxe8+ 1-0

[Event "41. Torneo de Ajedrez Villa de Mislata"]
[Site "Mislata ESP"]
[Date "2007.08.25"]
[Round "4.12"]
[White "Garcia Roman, Daniel"]
[Black "De Pablos Fernandez, Mariano"]
[Result "1-0"]
[WhiteElo "2427"]
[BlackElo "2020"]
[PlyCount "65"]
[EventDate "2007.08.23"]
[EventType "swiss"]
[EventRounds "9"]
[EventCountry "ESP"]
[Source "lmi"]
[SourceDate "2007.08.23"]

1. d4 c5 2. d5 d6 3. e4 g6 4. Nf3 Bg7 5. Be2 Bg4 6. O-O Nd7 7. Nfd2 Bxe2 8.
Qxe2 Nh6 9. f4 O-O 10. Nf3 b5 11. Qxb5 Rb8 12. Qd3 Bxb2 13. Bxb2 Rxb2 14. Nbd2
Rb7 15. Ng5 Qc7 16. Qh3 Kg7 17. f5 Nf6 18. Rf4 Qa5 19. Nb3 Qb6 20. c4 a5 21.
Rh4 Nfg8 22. Qc3+ Nf6 23. Nxa5 Ra7 24. Nb3 Rfa8 25. Qh3 Nfg8 26. fxg6 hxg6 27.
Rf1 f6 28. Ne6+ Kh7 29. Ng5+ Kg7 30. Ne6+ Kh7 31. Rff4 g5 32. Qf5+ Kh8 33. Qg6
1-0

[Event "41. Torneo de Ajedrez Villa de Mislata"]
[Site "Mislata ESP"]
[Date "2007.08.25"]
[Round "4.13"]
[White "Castella Garcia, Fausto"]
[Black "Almagro Fernandez, Antonio"]
[Result "1-0"]
[WhiteElo "2381"]
[BlackElo "2003"]
[PlyCount "59"]
[EventDate "2007.08.23"]
[EventType "swiss"]
[EventRounds "9"]
[EventCountry "ESP"]
[Source "lmi"]
[SourceDate "2007.08.23"]

1. e4 c5 2. Nf3 Nc6 3. Bb5 Qc7 4. Nc3 e6 5. O-O Nf6 6. Bxc6 bxc6 7. e5 Ng4 8.
Re1 d6 9. exd6 Bxd6 10. h3 Nf6 11. d3 O-O 12. Bg5 Nd5 13. Ne4 f6 14. Nxd6 Qxd6
15. Bc1 Bd7 16. Nd2 f5 17. Nc4 Qe7 18. Ne5 f4 19. c4 Nb6 20. Qg4 h5 21. Qxh5
Rf5 22. Qf3 Be8 23. Qe4 Rd8 24. Nxc6 Bxc6 25. Qxf5 Qb7 26. Qxe6+ Kh8 27. Re5
Bf3 28. gxf3 Qxf3 29. Qg4 Qxd3 30. Rh5+ 1-0

[Event "41. Torneo de Ajedrez Villa de Mislata"]
[Site "Mislata ESP"]
[Date "2007.08.25"]
[Round "4.14"]
[White "Martinez Cuevas, Luis"]
[Black "Sanchez Romero, Miguel Angel"]
[Result "1/2-1/2"]
[WhiteElo "2048"]
[BlackElo "2261"]
[PlyCount "54"]
[EventDate "2007.08.23"]
[EventType "swiss"]
[EventRounds "9"]
[EventCountry "ESP"]
[Source "lmi"]
[SourceDate "2007.08.23"]

1. e4 g6 2. g3 d5 3. e5 c5 4. Bg2 Nc6 5. f4 h5 6. Nf3 Nh6 7. d3 Nf5 8. Nc3 h4
9. g4 h3 10. Bf1 Nh6 11. g5 Nf5 12. Qe2 Nfd4 13. Nxd4 Nxd4 14. Qd1 Bf5 15. Be2
Qd7 16. Bf3 Nxf3+ 17. Qxf3 O-O-O 18. Bd2 Bg7 19. Rg1 f6 20. exf6 exf6 21. O-O-O
Rhe8 22. Rde1 Rxe1+ 23. Rxe1 b6 24. Kb1 Qf7 25. Nd1 Be6 26. Bc3 Rf8 27. Nf2 Qd7
1/2-1/2

[Event "41. Torneo de Ajedrez Villa de Mislata"]
[Site "Mislata ESP"]
[Date "2007.08.25"]
[Round "4.15"]
[White "Garcia Ramos, Javier"]
[Black "Arnal Legua, Vicente"]
[Result "1-0"]
[WhiteElo "2242"]
[BlackElo "2002"]
[PlyCount "95"]
[EventDate "2007.08.23"]
[EventType "swiss"]
[EventRounds "9"]
[EventCountry "ESP"]
[Source "lmi"]
[SourceDate "2007.08.23"]

1. e4 c5 2. c3 Nf6 3. e5 Nd5 4. d4 cxd4 5. Bc4 Nb6 6. Bb3 dxc3 7. Nxc3 e6 8.
Bf4 Nc6 9. Nf3 Bb4 10. Rc1 Na5 11. Bg5 f6 12. exf6 gxf6 13. Ne5 h5 14. Qd3 Rg8
15. Qh7 Rf8 16. Qxh5+ Ke7 17. Ng6+ Kd6 18. Bf4+ e5 19. Bxe5+ fxe5 20. Qxe5+ Kc6
21. Qb5+ Kc7 22. Qxb4 Qe8+ 23. Ne2+ Nc6 24. Ngf4 a5 25. Qd2 Kb8 26. Qd6+ Ka7
27. O-O Rh8 28. Nc3 Qe5 29. Qd2 d6 30. Rfe1 Qg5 31. a4 Bh3 32. Nb5+ Ka6 33.
Nxd6 Bxg2 34. Qd3+ Ka7 35. Nb5+ Ka6 36. Nd4+ Ka7 37. Nxg2 Rad8 38. Nxc6+ bxc6
39. Qg3 Qd2 40. Qc7+ Ka8 41. Qxc6+ Ka7 42. Qc7+ Ka8 43. Qxb6 Rd6 44. Qb5 Rf8
45. Re8+ Rxe8 46. Qxe8+ Kb7 47. Qc8+ Kb6 48. Qc7+ 1-0